000
00318nam a2200133Ia 4500
008
150201s2010 xx 000 0 und d
082
_a
616.01
_b
M10C
100
_a
JAGDISH CHANDER
245
_a
TB OF MEDICAL MYCOLOGY
250
_a
3RD
260
_b
MEHTA
_a
DELHI
_c
2010
650
_a
MICROBIOLOGY
942
_2
ddc
_c
BK
_0
62
999
_c
1132
_d
1132